| 000 | 00940cam a2200289 a 4500 | ||
|---|---|---|---|
| 001 | 2487092 | ||
| 003 | OSt | ||
| 005 | 20141105133758.0 | ||
| 008 | 910531s1992 nyua b 001 0 eng | ||
| 010 | _a 91022061 | ||
| 020 | _a0716721651 | ||
| 020 | _a071672166X (pbk.) | ||
| 040 |
_aDLC _cDLC _dDLC |
||
| 050 | 0 | 0 |
_aHM251 _b.A79 1991 |
| 082 | 0 | 0 |
_a302 _220 _bARO 1991 |
| 100 | 1 |
_aAronson, Elliot. _91816 |
|
| 245 | 1 | 4 |
_aThe social animal / _cElliot Aronson. |
| 250 | _a6th ed. | ||
| 260 |
_aNew York : _bW.H. Freeman and Co., _c1992. |
||
| 300 |
_axiii, 497 p. : _bill., ; _c25 cm. |
||
| 440 | 2 |
_aA Series of books in psychology _91817 |
|
| 504 | _aIncludes bibliographical references and index. | ||
| 650 | 0 |
_aSocial psychology. _91818 |
|
| 906 |
_a7 _bcbc _corignew _d1 _eocip _f19 _gy-gencatlg |
||
| 942 |
_2ddc _cSLOAN |
||
| 999 |
_c691 _d691 |
||